El fiel correpetidor /

El presente libro ofrece la edición de dos pequeñas obras de Adorno: en la primera, Composición para el cine, comparte autoría con H. Eisler y en ella ambos exponen sus experiencias y reflexiones en el ámbito de la música de cine, tras varios años de compartir juntos experiencias en Hollywood en con...

Full description

Bibliographic Details
Main Author: Adorno, Theodor W. 1903-1969
Other Authors: Eisler, Hanns 1898-1962
Format: Libro
Language:Spanish
Published: Madrid Akal 2007
Series:Obra completa 15
Subjects:
Online Access:

MARC

LEADER 00000cam a2200000 a 4500
001 019780
003 UAHC_CL
005 20170803121808.0
008 140318s2007 sp 000 spa
020 |a 9788446016854 
040 |a UAHC_CL  |c UAHC_CL  |d UAHC_CL 
082 0 4 |a 781.542  |b A241  |2 20 
100 1 |a Adorno, Theodor W.  |d 1903-1969 
245 1 3 |a El fiel correpetidor /  |c Th.W. Adorno ; edición de Rolf Tiedemann, con la colaboración de Gretel Adorno, Susan Buch-Morss y Klaus Schultz ; traducción Antonio Gómez Schneekloth y Alfredo Brotons Muñoz. 
260 |b Akal  |a Madrid  |c 2007 
300 |a 414 p. 
490 0 |a Obra completa  |v 15 
520 |a El presente libro ofrece la edición de dos pequeñas obras de Adorno: en la primera, Composición para el cine, comparte autoría con H. Eisler y en ella ambos exponen sus experiencias y reflexiones en el ámbito de la música de cine, tras varios años de compartir juntos experiencias en Hollywood en contacto directo con la industria cinematográfica. En la segunda, El fiel correpetidor, Adorno, tras su exposición de las implicaciones conceptuales de la nueva música, analiza una serie de composiciones vinculadas al cine, así como la utilización de la música en la radio. 
650 4 |a MUSICA DE PELICULAS 
700 1 |a Eisler, Hanns  |d 1898-1962 
900 |a 781.542 ADO 
942 |c BK 
952 |0 0  |1 0  |4 0  |6 781_542000000000000_ADO  |7 0  |8 General  |9 39639  |a BS  |b BS  |c General  |d 2017-08-03  |l 6  |m 8  |o 781.542 ADO  |p 1411222  |r 2025-11-26 00:00:00  |s 2025-07-03  |t 1  |w 2017-08-03  |y BK 
999 |c 19780  |d 19780